Estadísticas para Prueba de San Vicente y las Granadinas

Haz click aquí para tomar la prueba!

Estadísticas generales

  • Esta prueba ha sido tomada 425 veces
  • La puntuación promedio es 8 de 13

Estadísticas de respuestas

PistaRespuesta% Correcto
Idioma oficialInglés
99%
La cadena de islas más grande que incluye lo anterior{Antillas} Menores
88%
País que se encuentra a unos 50 km al norte de San VicenteSanta Lucía
83%
El primer europeo en descubrir San Vicente el 22 de enero de 1498Cristobal Colón
80%
País que, apropiadamente, se encuentra justo al sur de las GranadinasGranada
80%
Grupo de nativos americanos que vivían en la isla antes de la colonización europea, homónimo de un famoso mar.Carib
77%
CapitalKingstown
62%
El idioma más habladoCriollo vicentino
55%
Tipo de desastre que mató a 1.680 personas en 1902Erupción volcánica
49%
La mayor denominación cristiana (comienza con A)Anglicanismo
41%
La cadena de islas de la que el país forma parteIslas de {Barlovento}
32%
Fruto que William Bligh, del HMS Bounty, trajo de Tahití a San VicenteFruta del {pan}
21%
Antiguo fuerte británico con vistas a la capital, llamado así por la esposa del Rey Jorge IIIFort {Charlotte}
19%

Distribución de puntuación

Porcentaje por número respondido

Porcentaje de gente con cada puntuación

Historial de tus puntuaciones

No has tomado esta prueba